Drotárstvo /

Gespeichert in:
Bibliographische Detailangaben
1. Verfasser: Jurovatý, Ladislav, ml (Verfasst von)
Format: Buch
Sprache:Slowakisch
Veröffentlicht: Bratislava : Ústredie ľudovej umeleckej výroby, 2000
Ausgabe:1. vydanie
Schriftenreihe:Škola tradičnej výroby a remesiel
Schlagworte:
Tags: Tag hinzufügen
Keine Tags, Fügen Sie das erste Tag hinzu!

MARC

LEADER 00000nam a22000003a 4500
001 0080673
003 SK-STU
005 20201203154431.4
007 ta
008 200305s ----xo-----e------000-0-----d
020 |a 80-88852-16-1 
040 |a STU  |b slo 
041 0 |a slo 
044 |a xo 
100 1 |a Jurovatý, Ladislav, ml.  |4 aut 
245 1 0 |a Drotárstvo /  |c aut. Ladislav Jurovatý 
250 |a 1. vydanie 
260 |a Bratislava :  |b Ústredie ľudovej umeleckej výroby,  |c 2000 
300 |a 32 s. 
490 0 |a Škola tradičnej výroby a remesiel 
650 0 7 |a umelecké remeslá 
650 0 7 |a vizuálne umenie 
650 0 7 |a dizajn produktový 
996 |b 284AU08340  |c A* 11600/U  |l AA5150  |s P  |a 0  |w 0080673_0001